Most Screen Time in the Star Wars Prequels - Statistics

General Stats
  • This quiz has been taken 86 times
  • The average score is 13 of 16
Answer Stats
Hint Answer % Correct
92 min Obi-Wan Kenobi
100%
124 min Anakin Skywalker
97%
72 min Padmé Amidala
97%
25 min Yoda
97%
36 min Palpatine/Darth Sidious
95%
35 min Qui-Gon Jinn
95%
14 min Mace Windu
93%
11 min Count Dooku
92%
20 min Jar-Jar Binks
85%
17 min R2-D2
84%
9 min C-3PO
83%
6 min Darth Maul
80%
6 min General Grievous
73%
9 min Shmi Skywalker
52%
7 min Captain Panaka
44%
8 min Nute Gunray
37%
No matching quizzes found
Score Distribution
Percent of People with Each Score
Percentile by Number Answered
Your Score History
You have not taken this quiz